00415 2200169 4500001002100000005001500021008004100036020001400077035001900091041000700110082000800117090001200125245004200137260002400179300001800203650002400221INLIS00000000001379420241224114625241224||||||||| | ||| |||| || |  a0125-9156 0010-1224013794 aid0 a353 a353 TIM00aBerita ILMU PENGETAHUAN DAN TEKNOLOGI aJakartabLIPIc1956 a72hlm;15x24cm 0aadministrasi negara